Solo / (Record no. 67648)

MARC details
000 -LEADER
campo de control de longitud fija 00803nam a2200253 i 4500
001 - NÚMERO DE CONTROL
campo de control 67648
003 - IDENTIFICADOR DE NÚMERO DE CONTROL
campo de control ES-MaACL
005 - FECHA Y HORA DE LA ÚLTIMA TRANSACCIÓN
campo de control 20230906170125.0
007 - CAMPO FIJO DE DESCRIPCIÓN FÍSICA--INFORMACIÓN GENERAL
campo de control de longitud fija t|
008 - DATOS DE LONGITUD FIJA--INFORMACIÓN GENERAL
campo de control de longitud fija 040609s2003 sp |||| | spa d
020 ## - NÚMERO INTERNACIONAL ESTÁNDAR DEL LIBRO
Número Internacional Estándar del Libro 84-96095-05-3
080 ## - NÚMERO DE LA CLASIFICACIÓN DECIMAL UNIVERSAL
Número de la Clasificación Decimal Universal 821.113.6-31"18"
100 1# - ENTRADA PRINCIPAL--NOMBRE DE PERSONA
Nombre de persona Strindberg, August.
9 (RLIN) 108433
245 10 - MENCIÓN DEL TÍTULO
Título Solo /
Mención de responsabilidad, etc. August Strindberg ; edición y posfacio de Alejandro García Schnetzer ; [traducción de Graciela Arancibia].
250 ## - MENCION DE EDICION
Mención de edición 1ª ed.
260 ## - PUBLICACIÓN, DISTRIBUCIÓN, ETC.
Lugar de publicación, distribución, etc. Barcelona :
Nombre del editor, distribuidor, etc. ElCobre,
Fecha de publicación, distribución, etc. 2003.
300 ## - DESCRIPCIÓN FÍSICA
Extensión 127 p ;
Dimensiones 21 cm.
490 1# - MENCIÓN DE SERIE
Mención de serie Clásicos de la diversidad ;
Designación de volumen o secuencia 2
700 1# - ENTRADA AGREGADA--NOMBRE PERSONAL
Nombre de persona García Schnetzer, Alejandro.
9 (RLIN) 55288
700 1# - ENTRADA AGREGADA--NOMBRE PERSONAL
Nombre de persona Arancibia, Graciela.
9 (RLIN) 22271
830 0# - PUNTO DE ACCESO ADICIONAL DE SERIE-TÍTULO UNIFORME
Título uniforme Clásicos de la diversidad ;
Designación de volumen o secuencia 2
9 (RLIN) 192418
852 ## - LOCALIZACIÓN
Ubicación ES-MaACL
Número de control de estantería L-27867
Holdings
Estatus retirado Estado de pérdida Estado de daño No para préstamo Biblioteca de origen Biblioteca actual Ubicación en estantería Fecha de adquisición Fuente de adquisición Total de préstamos Signatura topográfica completa Código de barras Visto por última vez Precio de reemplazo Tipo de ítem Koha
        Biblioteca del Ateneo de Madrid Biblioteca del Ateneo de Madrid Depósito 2 17/01/2008     L-27867 1070829 23/02/2023 23/02/2023 Libro impreso